| 000 | 00484nam a2200181Ia 4500 | ||
|---|---|---|---|
| 001 | 23917 | ||
| 005 | 20260414151009.0 | ||
| 008 | 260414t2011||||xx |||||||||||||| ||spa|| | ||
| 041 | _aESP | ||
| 082 |
_a720.985 _bL22 |
||
| 100 |
_aLane, Kevin J. (ed.) _eAUT |
||
| 245 | 0 |
_aArquitectura preshispánica tardía : _bconstrucción y poder en los Andes centrales |
|
| 260 | _c2011 | ||
| 300 |
_a587 páginas : _c25 cm. |
||
| 650 | _aABD | ||
| 654 | _aCAU | ||
| 942 |
_cLIB _dJUS _fJUS _2ddc _n |
||
| 999 |
_c23917 _d23917 |
||